000 00991nam a22001817a 4500
008 110912s1965 ua|||||r|||| 00| 0 ara d
082 _222
_a342.08
_bه و ا
100 _927141
_aهوايتهد ، دون
245 _aقصة مكتب المباحث الفيدرالي /
_cتأليف دون هوايتهد؛ ترجمة عبد المنصف محمود؛ مراجعة وتقديم محمود السباعي
260 _aالقاهرة :
_bالشركة العربية للطباعة والنشر، 1965
_c1965
300 _a483 ص ؛
_c24 سم
651 _927140
_aالولايات المتحدة الأمريكية
_xمكتب التحقيقات الفيدرالي
653 _bPol
700 _927142
_aمحمود ، عبد المنصف
_eمترجم
700 _927143
_aالسباعي ، محمود
_eمراجع ومقدم
942 _2ddc
_cBB
999 _c16005
_d16005